| 000 | 01153nam0a22002531 4500 | ||
|---|---|---|---|
| 001 | rc\946846 | ||
| 005 | 20260407110127.0 | ||
| 035 | _a(NLR Aleph) 006118924 | ||
| 090 |
_a5439641 _c5439641 |
||
| 100 | _a20041129d1982 |||y0rusy50 ca | ||
| 101 | 0 | _arus | |
| 102 | _aRU | ||
| 105 | _aa ||||||||| | ||
| 200 | 1 |
_aМетодика составления топливно-энергетического баланса машиностроительного предприятия _fНИИ экономики и планир. тяжелого и трансп. машиностроения _g[Авт. Евпланов А.И. и др.] |
|
| 210 |
_aСвердловск _cНИИэкономики _d1982 |
||
| 215 |
_a82 с., 21 л. ил. _cил. _d20 |
||
| 320 | _aБиблиогр.: с. 81 (9 назв.) | ||
| 701 | 1 |
_aЕвпланов _bА.И. |
|
| 712 | 0 | 2 |
_aНИИ экономики и планирования тяжелого и транспортного машиностроения _cСвердловск _3RU\NLR\AUTH\889937909 _9370628 |
| 801 | 0 |
_aRU _bNLR _gpsbo |
|
| 801 | 1 |
_aRU _bELAR _2rusmarc |
|
| 852 |
_aNLR _j83-4/6757 |
||
| 942 | _cBOOK | ||
| 980 | _aNB | ||